Štvoro kníh o nasledovaní Krista

Bibliographic Details
Main Author: Tomáš Kempenský, 1379-1471 (Author)
Other Authors: Prídavok, Tomáš (Translator)
Format: Book
Language:Slovak
Latin
PhysicalDescription:342, [ii] s. 8°
Published: V Nitre Misijný dom Matky Božej 1943
Edition:Štvrté vydanie
Subjects:

MARC

LEADER 00000cam a2200000 a 4500
001 vtls008378297
003 SK-MaSNL
005 20260302052321.0
008 250313s1943 xo 000 0 slo
015 |a SKSNBA19421945-058/1235 
035 |a SK01SNKBKSD220010070514 
035 |a urn:nbn:sk:snk-am3iakf 
035 |a 31B41DA0-C6BB-424F-85C8-BE8E602BF82A 
035 |a urn:nbn:sk:snk-am00e0i5 
035 |a SKM000072977 
040 |a SNK  |b slo  |c SNK  |e AACR2 
041 1 |a slo  |h lat 
044 |a xo  |c SK 
080 |a 244  |2 1981 
080 |a 26  |2 1981 
080 |a 27-4  |2 2011 
080 |a (048.8)  |2 2011 
100 0 |a Tomáš Kempenský,  |d 1379-1471  |4 aut  |9 156980 
240 1 0 |a De imitatione Christi libri quattouor  |l Slovensky 
245 1 0 |a Štvoro kníh o nasledovaní Krista  |c Ctihodného Tomáša Hemerkena Kempenského ; z latinčiny preložil Peter Prídavok 
250 |a Štvrté vydanie 
260 |a V Nitre  |b Misijný dom Matky Božej  |c 1943  |e Zvolen  |f Andrej 
300 |a 342, [ii] s.  |c 8° 
650 0 7 |a kresťanstvo  |2 SNKPH  |9 2024 
650 0 7 |a náboženská literatúra  |2 SNKPH  |9 1487 
650 0 7 |a praktická teológia  |2 SNKPH  |9 1806 
655 7 |a monografie  |2 SNKPH  |9 70139 
700 1 |a Prídavok, Tomáš  |4 trl  |9 709027 
752 |a Slovensko  |d Nitra 
852 |a Slovenská národná knižnica 
958 |a OND 
958 |a RK 
958 |a TL 
958 |a NT 
958 |a OP 
999 |c 1104679  |d 1106609 
952 |t B 4119  |a SNK  |b SNK  |y VYP  |7 0  |p 17A1126331  |o snkSE 1231 D1  |i snk2018/10370  |8 5  |0 0  |1 0  |4 0  |d 2018-05-14  |l 1  |r 2026-05-27 12:12:54  |s 2026-05-27  |w 2026-02-24 
952 |a SNK  |b SNK  |y PREZ  |7 0  |p 17A0733240  |o snkSE 1231  |i snkKSF 397/56  |8 5  |0 0  |1 0  |4 0  |d 2017-11-16  |f 1  |l 0  |r 2026-02-24 17:42:11  |w 2026-02-24